Els sants de Catalunya / (Record no. 126943)

MARC details
000 -LEADER
campo de control de longitud fija 00804nam a2200217 4500
001 - NÚMERO DE CONTROL
campo de control 126943
003 - IDENTIFICADOR DE NÚMERO DE CONTROL
campo de control ES-MaACL
005 - FECHA Y HORA DE LA ÚLTIMA TRANSACCIÓN
campo de control 20250916063052.0
007 - CAMPO FIJO DE DESCRIPCIÓN FÍSICA--INFORMACIÓN GENERAL
campo de control de longitud fija t|
008 - DATOS DE LONGITUD FIJA--INFORMACIÓN GENERAL
campo de control de longitud fija 070214m19191920sp r ||||1| cat d
100 1# - ENTRADA PRINCIPAL--NOMBRE DE PERSONA
Nombre de persona Riber, Llorenç,
Fechas asociadas al nombre 1881-1958
9 (RLIN) 96765
245 14 - MENCIÓN DEL TÍTULO
Título Els sants de Catalunya /
Mención de responsabilidad, etc. [per Mossen Llorenç Riber].
260 ## - PUBLICACIÓN, DISTRIBUCIÓN, ETC.
Lugar de publicación, distribución, etc. Barcelona :
Nombre del editor, distribuidor, etc. Ed. Catalana,
Fecha de publicación, distribución, etc. 1919-20.
300 ## - DESCRIPCIÓN FÍSICA
Extensión 3 v. ;
Dimensiones 20 x 13 cm.
505 8# - NOTA DE CONTENIDO CON FORMATO
Nota de contenido con formato Contiene: v. I: Cicle romáa : Els mártirs ----. v. II: Cicle visigáotic : Els doctors --- v. III: Cicle comtal: Els patriarques, els fundadors
740 0# - ENTRADA AGREGADA--TÍTULO RELACIONADO/ANALÍTICO NO CONTROLADO
Título relacionado o analítico no controlado Cicle romáa : Els mártirs.
740 0# - ENTRADA AGREGADA--TÍTULO RELACIONADO/ANALÍTICO NO CONTROLADO
Título relacionado o analítico no controlado Cicle visigáotic : Els doctors.
740 0# - ENTRADA AGREGADA--TÍTULO RELACIONADO/ANALÍTICO NO CONTROLADO
Título relacionado o analítico no controlado Cicle comtal : Els patriarques, els fundadors.
852 ## - LOCALIZACIÓN
Ubicación ES-MaACL
Número de control de estantería G-7690-92
Holdings
Estatus retirado Estado de pérdida Estado de daño No para préstamo Biblioteca de origen Biblioteca actual Ubicación en estantería Fecha de adquisición Fuente de adquisición Total de préstamos Signatura topográfica completa Código de barras Visto por última vez Precio de reemplazo Tipo de ítem Koha
        Biblioteca del Ateneo de Madrid Biblioteca del Ateneo de Madrid Sala Pecera Planta 3 17/01/2008     G-7690-92 1132220 23/02/2023 23/02/2023 Libro impreso